|
|
|
|
| LEADER |
00000cam a2200000 7i4500 |
| 001 |
0000060413 |
| 005 |
20231113093000.0 |
| 008 |
090218s1985 nyu eng |
| 020 |
|
|
|a 0070237956
|
| 020 |
|
|
|a 9780070237957
|
| 090 |
0 |
0 |
|a QD101.2
|b .G67 1985
|
| 100 |
1 |
|
|a Gordous, Adon R. ,
|e author
|
| 245 |
1 |
0 |
|a Schaum's outline of theory and problems of analytical chemistry
|c Adon R. Gordous.
|
| 260 |
|
|
|a New York :
|b McGraw-Hill ,
|c c1985
|
| 300 |
|
|
|a 242 p. :
|b ill. ;
|c 28 cm.
|
| 440 |
|
0 |
|a Schaum's outline series.
|p Schaum's outline series in science
|
| 500 |
|
|
|a Includes index
|
| 505 |
0 |
|
|a 1. Analytical and mathematical review -- 2. Statistics and probabilities -- 3. Free energy and chemical equilibrium -- 4. Strong acids-strong bases -- 5. Simple weak acids and weak bases -- 6. weak acid or weak base titrations -- 7. Polyprotic weak acids -- 8. Precipitates and solubilities -- 9 Complex ion equilibria -- 10. Electrochemical cells -- 11. Potentiometric titrations -- 12. Phase separations and chromatography -- 13. Spectral measurements -- 14. Radioactivity
|
| 650 |
|
0 |
|a Chemistry, Analytic
|x Quantitative
|
| 999 |
|
|
|a 1000123536
|b Book
|c OPEN SHELF (30 DAYS)
|e Gong Badak Campus
|